| 000 | 00709nam a2200241 i 4500 | ||
|---|---|---|---|
| 001 | 91671 | ||
| 003 | ES-MaACL | ||
| 005 | 20250824222028.0 | ||
| 007 | t| | ||
| 008 | 050204s2004 sp ||||1| spa d | ||
| 020 | _a84-7844-780-6 | ||
| 080 | _a929 Jodorowsky, Alejandro (047.53) | ||
| 100 | 1 |
_aJodorowsky, Alejandro. _966698 |
|
| 245 | 1 | 0 |
_aPsicomagia / _cAlejandro Jodorowsky. |
| 250 | _a5ยช ed. | ||
| 260 |
_aMadrid : _bSiruela, _c[2004] |
||
| 300 |
_a358 p. ; _c22 cm. |
||
| 490 | 1 |
_aLibros del tiempo ; _v180 |
|
| 600 | 1 | 4 |
_aJodorowsky, Alejandro- _vEntrevistas. _966699 |
| 830 | 0 | 0 |
_aLibros del tiempo (Siruela) _v180 _9233603 |
| 852 |
_aES-MaACL _jL-28806 _bR.135273 |
||
| 999 |
_c91671 _d91671 |
||